Riešenie anagramov inteligentnými metódami
Gespeichert in:
| 1. Verfasser: | |
|---|---|
| Weitere Verfasser: | |
| Format: | Manuskript Buch |
| Sprache: | Slowakisch |
| Veröffentlicht: |
Bratislava :
STU v Bratislave FEI,
2025
|
| Schlagworte: | |
| Online-Zugang: | https://opac.crzp.sk/?fn=detailBiblioFormChildKAE08U&sid=BA75C2D62745AD5727EF969ED92F&seo=CRZP-detail-kniha |
| Tags: |
Keine Tags, Fügen Sie das erste Tag hinzu!
|
MARC
| LEADER | 00000ntm a22000003a 4500 | ||
|---|---|---|---|
| 001 | stuzp101954 | ||
| 003 | SK-STU | ||
| 005 | 20260127122439.2 | ||
| 007 | ta | ||
| 008 | 150427s2015----xo-----f-mn---000-0-slo-d | ||
| 040 | |a STU |b slo | ||
| 041 | 0 | |a slo | |
| 044 | |a xo | ||
| 100 | 1 | |a Selep, Tomáš |u 035000 |4 aut |U FEI Fakulta elektrotechniky a informatiky |T FEI Ústav informatiky a matematiky |X 120474 |U E050 |Y 816 |7 120474 | |
| 242 | 0 | 1 | |a Solving anagrams with AI |y eng |
| 245 | 1 | 0 | |a Riešenie anagramov inteligentnými metódami |
| 260 | |a Bratislava : |b STU v Bratislave FEI, |c 2025 | ||
| 300 | |a 84 s., príl. | ||
| 650 | 4 | |a riešenie prirodzených anagramov |2 slo | |
| 650 | 4 | |a spracovanie prirodzeného jazyka |2 slo | |
| 650 | 4 | |a Word2Vec |2 slo | |
| 650 | 4 | |a GloVe |2 slo | |
| 650 | 4 | |a veľký jazykový model |2 slo | |
| 650 | 4 | |a BERT |2 slo | |
| 650 | 4 | |a Natural Anagram Resolution |2 eng | |
| 650 | 4 | |a Natural Language Processing (NLP) |2 eng | |
| 650 | 4 | |a Word2Vec |2 eng | |
| 650 | 4 | |a GloVe |2 eng | |
| 650 | 4 | |a Large Language Model (LLM) |2 eng | |
| 650 | 4 | |a BERT |2 eng | |
| 700 | 1 | |a Zajac, Pavol |u 035000 |k Z1 |4 ths |U FEI Fakulta elektrotechniky a informatiky |T FEI Ústav informatiky a matematiky |X 10218 |U E050 |Y 816 |7 A000010218 | |
| 856 | 4 | |u https://opac.crzp.sk/?fn=detailBiblioFormChildKAE08U&sid=BA75C2D62745AD5727EF969ED92F&seo=CRZP-detail-kniha | |